000 00664nam a2200241Ia 4500
003 OSt
005 20220923211632.0
006 a|||||r|||| 00| 0
007 ta
008 220922b |||||||| |||| 00| 0 hin d
024 _a35,818
037 _cTextual
040 _aARTS
_cARTS
_bhin
041 _2hin
_ahin
082 _aQ3, 152M4
100 _aजैन, शिखर चन्द्र
245 0 _aजैन धर्म और दर्शन
246 _aJain dharma aur darshana
260 _c1984
300 _a88p.
_ccm.
942 _hQ3, 152M4
_cTEXL
_2CC
999 _c301821
_d301821